LEADER 01443nam0 22003131i 450 001 UON00466514 005 20231205105146.345 010 $a978-91-7916-063-0 100 $a20160412d2015 |0itac50 ba 101 $aeng 102 $aSE 105 $a|||| ||||| 200 1 $aMycenaeans up to date$ethe archaeology of the north-eastern Peloponnese, current concepts and new directions$fedited by Ann-Louise Schallin & Iphiyenia Tournavitou 210 $aStockholm$cSvenska Institutet i Athen$d2015 215 $a630 p.$cill.$d28 cm 316 $aSwedish Institute at Athens$5IT-UONSI Per S0114 SERIE 4056/2015 410 1$1001UON00100672$12001 $aSkrifter utgivna av Svenska institutet i Athen 4$dActa Instituti Atheniensis Regni Sueciae. Series in 4$v56 606 $aMICENEI$xStoria$3UONC026718$2FI 620 $aSE$dStockholm$3UONL003096 676 $a939.18$cCIVILTA' CRETESE E MICENEA$v21 702 1$aSCHALLIN$bAnn-Louise$3UONV069338 702 1$aTOURNAVITOU$bIphigenia$3UONV075802 712 $aSvenska Institutet i Athen$3UONV277461$4650 801 $aIT$bSOL$c20240220$gRICA 899 $aSIBA - SISTEMA BIBLIOTECARIO DI ATENEO$2UONSI 912 $aUON00466514 950 $aSIBA - SISTEMA BIBLIOTECARIO DI ATENEO$dSI Per S 0114 SERIE 4 056 2015 $eSI 17036 7 2015 Swedish Institute at Athens 996 $aMycenaeans up to date$91388023 997 $aUNIOR